[Event "51st Groningen Open A 2013"]
[Site "Groningen NED"]
[Date "2013.12.26"]
[Round "5.24"]
[White "Goudriaan, Etienne"]
[Black "Dijkhuis, Tycho"]
[Result "1-0"]
[WhiteTitle "FM"]
[WhiteElo "2429"]
[BlackElo "2202"]
[WhiteFideId "1021150"]
[BlackFideId "1036564"]
[EventDate "2013.12.21"]

1. d4 Nf6 2. c4 g6 3. Nc3 d5 4. cxd5 Nxd5 5. Bd2 Bg7 6. e4 Nxc3 7. Bxc3 O-O 8.
Nf3 c5 9. d5 Bxc3+ 10. bxc3 Bg4 11. Be2 Qd6 12. Rb1 Nd7 13. Rxb7 Nb6 14. Qd2 Bc8
15. Qh6 Qf6 16. e5 Qg7 17. Qxg7+ Kxg7 18. Rc7 Nxd5 19. Rxc5 Nf4 20. g3 Nxe2 21.
Kxe2 Ba6+ 22. Ke3 Rac8 23. Rxc8 Rxc8 24. Rc1 Rc5 25. Rc2 Kf8 26. Kd4 Rc4+ 27.
Kd5 Ra4 28. Nd2 Bb7+ 29. Kc5 Ra5+ 30. Kb4 Rxe5 31. Nb3 Ke8 32. c4 Kd7 33. f4 Re1
34. Nd4 a6 35. Ka5 Kc7 36. Nb3 Re3 37. Nc5 Ra3+ 38. Kb4 Re3 39. Rd2 Bc8 40. Nd3
Bf5 41. Nc5 Bc8 42. a4 Re1 43. Rb2 Rc1 44. a5 Ra1 45. Re2 e6 46. Re3 Rb1+ 47.
Kc3 Ra1 48. Nb3 Rd1 49. Kb4 Rb1 50. Kc5 Rd1 51. Rc3 Bd7 52. Rc1 Rd3 53. Rb1 Ba4
54. Nd4 Bd7 55. Rb6 Bc8 56. Rc6+ Kb7 57. Nc2 Rd2 58. Nb4 Rxh2 59. Rxa6 Rh1 60.
Rb6+ Kc7 61. Rc6+ Kd7 62. a6 Ra1 63. Kb5 h6 64. c5 g5 65. Kb6 Rb1 66. Rd6+ Ke7
67. Rd4 gxf4 68. gxf4 h5 69. a7 Ra1 70. Nc6+ Ke8 71. Rd8# 1-0

[Event "51st Groningen Open A 2013"]
[Site "Groningen NED"]
[Date "2013.12.26"]
[Round "5.25"]
[White "Willemze, Thomas"]
[Black "Balje, Jan"]
[Result "1-0"]
[WhiteTitle "IM"]
[WhiteElo "2421"]
[BlackElo "2198"]
[WhiteFideId "1007238"]
[BlackFideId "1004085"]
[EventDate "2013.12.21"]

1. e4 c6 2. Ne2 d5 3. e5 d4 4. b4 f6 5. f4 fxe5 6. fxe5 Qd5 7. Bb2 c5 8. bxc5
Nc6 9. Na3 Bg4 10. h3 Bh5 11. c4 Qxe5 12. g4 Qf6 13. Qb3 Qh4+ 14. Ng3 Bg6 15.
Nb5 O-O-O 16. Bg2 Rd7 17. O-O Nf6 18. Nxd4 Nxd4 19. Bxd4 Bc2 20. Qxc2 Qxg3 21.
Qf5 Qc7 22. Qe6 1-0

[Event "51st Groningen Open A 2013"]
[Site "Groningen NED"]
[Date "2013.12.26"]
[Round "5.26"]
[White "L'Ami, Alina"]
[Black "Schoehuijs, Erik"]
[Result "1-0"]
[WhiteTitle "WGM"]
[WhiteElo "2390"]
[BlackElo "2180"]
[WhiteFideId "1210246"]
[BlackFideId "1004425"]
[EventDate "2013.12.21"]

1. d4 Nf6 2. c4 g6 3. Nc3 Bg7 4. e4 d6 5. h3 O-O 6. Bg5 Nbd7 7. Bd3 c5 8. d5 Ne5
9. Be2 a6 10. a4 Qa5 11. Bd2 Qc7 12. f4 Ned7 13. g4 h6 14. Nf3 Re8 15. O-O e6
16. dxe6 Rxe6 17. f5 Re8 18. fxg6 fxg6 19. Bf4 Ne5 20. Nxe5 dxe5 21. Bxh6 Be6
22. Bg5 Rf8 23. Qc2 Nh7 24. Be3 Qe7 25. Kg2 Qh4 26. Bxc5 Ng5 27. Qd3 Rfc8 28.
Bf2 Qh8 29. Nd5 Rxc4 30. h4 Nxe4 31. Qxc4 Nd2 32. Ne7+ Kf7 33. Bc5+ Bf6 34. Qd3 1-0

[Event "51st Groningen Open A 2013"]
[Site "Groningen NED"]
[Date "2013.12.26"]
[Round "5.27"]
[White "Hoeksema, Hendrik Pieter"]
[Black "Ypma, Peter"]
[Result "1-0"]
[WhiteTitle "IM"]
[WhiteElo "2369"]
[BlackElo "2179"]
[WhiteFideId "1000454"]
[BlackFideId "1027255"]
[EventDate "2013.12.21"]

1. d4 Nf6 2. c4 b6 3. Nc3 Bb7 4. f3 d5 5. cxd5 Nxd5 6. Nxd5 Qxd5 7. e4 Qd6 8.
Ne2 e5 9. Be3 Qb4+ 10. Qd2 Qxd2+ 11. Kxd2 exd4 12. Nxd4 Nc6 13. Nxc6 Bxc6 14.
Ba6 Rd8+ 15. Ke2 Bd6 16. Rac1 Bd7 17. f4 c5 18. Bb7 O-O 19. Bd5 Rfe8 20. Kf3 Be6
21. Rhd1 Bxd5 22. Rxd5 Kf8 23. Rcd1 Ke7 24. e5 Bc7 25. Rxd8 Bxd8 26. f5 Bc7 27.
Rd5 Rc8 28. Ke4 a6 29. h3 g6 30. Bg5+ Ke8 31. g4 c4 32. a4 Rb8 33. Bd2 Bd8 34.
Bb4 b5 35. axb5 axb5 36. f6 Bc7 37. g5 Bd8 38. h4 Bc7 39. e6 Rd8 40. Rc5 Bd6 41.
Rxb5 fxe6 42. Bxd6 Rxd6 43. Rb8+ Kf7 44. Rb7+ Kg8 45. Rg7+ Kf8 46. Rxh7 Rd2 47.
h5 1-0

[Event "51st Groningen Open A 2013"]
[Site "Groningen NED"]
[Date "2013.12.26"]
[Round "5.29"]
[White "Dehn, Marcus"]
[Black "Efroimski, Marsel"]
[Result "0-1"]
[BlackTitle "WIM"]
[WhiteElo "2135"]
[BlackElo "2307"]
[WhiteFideId "4667093"]
[BlackFideId "2810964"]
[EventDate "2013.12.21"]

1. d4 Nf6 2. Nf3 g6 3. Bf4 Bg7 4. e3 O-O 5. Be2 d6 6. h3 c5 7. c3 Nc6 8. Nbd2
Be6 9. Ng5 Bd7 10. O-O cxd4 11. exd4 Nd5 12. Bh2 e5 13. dxe5 dxe5 14. Nge4 Qe7
15. c4 Nc7 16. Nb3 f5 17. Nec5 Bc8 18. Qe1 Ne6 19. Na4 Ned4 20. Nxd4 Nxd4 21.
Bd3 e4 22. c5 Bd7 23. Bd6 Qg5 24. Bc4+ Kh8 25. Qd1 f4 26. Kh1 f3 27. Rg1 Qh5 28.
Bh2 fxg2+ 29. Rxg2 Qxd1+ 0-1

[Event "51st Groningen Open A 2013"]
[Site "Groningen NED"]
[Date "2013.12.26"]
[Round "5.30"]
[White "Van Foreest, Lucas"]
[Black "Mostertman, Milan"]
[Result "0-1"]
[WhiteElo "2120"]
[BlackElo "2304"]
[WhiteFideId "1039792"]
[BlackFideId "1025848"]
[EventDate "2013.12.21"]

1. d4 Nf6 2. c4 e6 3. Nf3 c5 4. e3 g6 5. Nc3 Bg7 6. Be2 O-O 7. O-O d6 8. Qc2 Nc6
9. Rd1 Qe7 10. b3 b6 11. Bb2 Bb7 12. a3 cxd4 13. exd4 d5 14. cxd5 exd5 15. Bb5
Rac8 16. Bxc6 Bxc6 17. Ne5 Ba8 18. Qd3 Ne4 19. Nxe4 dxe4 20. Qe2 Bd5 21. Qb5 Qe6
22. Rac1 Bh6 23. Rc3 Rxc3 24. Bxc3 Rc8 25. Bb2 Rc2 26. Ba1 e3 27. fxe3 Bxe3+ 28.
Kf1 Bxg2+ 29. Ke1 Bf2# 0-1

[Event "51st Groningen Open A 2013"]
[Site "Groningen NED"]
[Date "2013.12.26"]
[Round "5.31"]
[White "De Groot, Hendrik"]
[Black "Beukema, Stefan"]
[Result "0-1"]
[BlackTitle "FM"]
[WhiteElo "2063"]
[BlackElo "2280"]
[WhiteFideId "1037021"]
[BlackFideId "1024523"]
[EventDate "2013.12.21"]

1. d4 f5 2. Qd3 d5 3. g4 fxg4 4. h3 Nf6 5. hxg4 Bxg4 6. Bh3 Bxh3 7. Nxh3 Qd7 8.
Ng5 Nc6 9. Bf4 e6 10. Nc3 O-O-O 11. O-O-O h6 12. Nf3 Ng4 13. Rdf1 Qf7 14. Bg3
Bd6 15. Rhg1 Bxg3 16. Rxg3 Nxf2 17. Qe3 Ne4 18. Nxe4 dxe4 19. Nd2 Qd7 20. Nxe4
Nxd4 21. c3 Qc6 22. Rg4 Qc4 23. Kb1 Nf5 24. Rxf5 Rd1+ 25. Kc2 Qa4+ 26. b3 Qxa2+
27. Kxd1 exf5 28. Nd6+ cxd6 29. Qe6+ Kb8 30. Rxg7 Rc8 31. Qxd6+ Ka8 32. Rc7
Qxb3+ 33. Kd2 Qb2+ 34. Kd1 Rg8 35. Rg7 Qb1+ 36. Kd2 Qb2+ 37. Kd1 Re8 38. Re7
Qb1+ 39. Kd2 Qb2+ 40. Kd1 Rb8 41. Qd4 f4 42. Re5 a6 43. Ra5 Rc8 44. Qd5 Qb6 45.
Kc2 Re8 46. Kd2 Qb2+ 0-1

[Event "51st Groningen Open A 2013"]
[Site "Groningen NED"]
[Date "2013.12.26"]
[Round "5.33"]
[White "Chernukhin, Alexander"]
[Black "Garcia Palermo, Carlos"]
[Result "0-1"]
[BlackTitle "GM"]
[WhiteElo "2145"]
[BlackElo "2450"]
[WhiteFideId "24177199"]
[BlackFideId "110124"]
[EventDate "2013.12.21"]

1. c4 Nf6 2. Nf3 b6 3. g3 Bb7 4. Bg2 e6 5. O-O Be7 6. Nc3 O-O 7. d4 d5 8. cxd5
Nxd5 9. Nxd5 Bxd5 10. Bd2 Nc6 11. Bc3 a5 12. Ne1 Nb4 13. a3 Bxg2 14. Nxg2 Nd5
15. e4 Nxc3 16. bxc3 Qd7 17. Qe2 Rfd8 18. Rfd1 Qa4 19. c4 Rd7 20. Nf4 Rad8 21.
d5 Bg5 22. Ng2 g6 23. Ra2 c6 24. f4 Be7 25. Rad2 cxd5 26. exd5 exd5 27. Rxd5
Rxd5 28. Rxd5 Rxd5 29. cxd5 Qd4+ 30. Kf1 Bxa3 31. Qe8+ Kg7 32. Ne3 Bc5 33. Ng4
Qd1+ 0-1

[Event "51st Groningen Open A 2013"]
[Site "Groningen NED"]
[Date "2013.12.26"]
[Round "5.34"]
[White "Sparenberg, Erik"]
[Black "Estremera Panos, Sergio"]
[Result "0-1"]
[BlackTitle "IM"]
[WhiteElo "2112"]
[BlackElo "2365"]
[WhiteFideId "1013262"]
[BlackFideId "2200864"]
[EventDate "2013.12.21"]

1. e4 e5 2. Nf3 Nc6 3. Bb5 a6 4. Ba4 Nf6 5. d3 d6 6. c3 Be7 7. O-O O-O 8. Nbd2
Bd7 9. Re1 h6 10. Nf1 Nh7 11. Ne3 Ng5 12. a3 Nxf3+ 13. Qxf3 Bg5 14. Bb3 Be6 15.
Bxe6 fxe6 16. Qe2 d5 17. Nf1 Bxc1 18. Raxc1 d4 19. c4 Qg5 20. b4 Ne7 21. Kh1 Rf7
22. Nd2 Raf8 23. Rf1 h5 24. Nb3 Ng6 25. f3 Nf4 26. Qd2 h4 27. a4 Rf6 28. b5 Rg6
29. Rf2 Rff6 30. a5 Qh5 31. Nc5 Rg3 32. Nxb7 h3 33. gxh3 Rxf3 34. bxa6 Nxd3 35.
Rxf3 Qxf3+ 36. Qg2 0-1

[Event "51st Groningen Open A 2013"]
[Site "Groningen NED"]
[Date "2013.12.26"]
[Round "5.35"]
[White "Umudova, Nargiz"]
[Black "Vereggen, Lars"]
[Result "1-0"]
[WhiteTitle "WIM"]
[WhiteElo "2255"]
[BlackElo "2147"]
[WhiteFideId "13402137"]
[BlackFideId "1029258"]
[EventDate "2013.12.21"]

1. e4 c5 2. Nf3 d6 3. d4 cxd4 4. Nxd4 Nf6 5. Nc3 Nc6 6. Bc4 e6 7. Be3 Be7 8. Qe2
a6 9. O-O-O Qc7 10. Bb3 b5 11. g4 Na5 12. g5 Nxb3+ 13. axb3 Nd7 14. Kb1 Bb7 15.
f3 Nc5 16. h4 b4 17. Na4 Qa5 18. h5 Nxa4 19. bxa4 Qxa4 20. g6 Bf6 21. Qc4 Qd7
22. gxf7+ Kxf7 23. Nb3 d5 24. Na5 Rhc8 25. Qd3 Kg8 26. f4 Qc7 27. Nxb7 Qxb7 28.
e5 Be7 29. Rhg1 Rf8 30. h6 Rf7 31. Rxg7+ Rxg7 32. hxg7 Kxg7 33. Rh1 Kf8 34. Rxh7 1-0

[Event "51st Groningen Open A 2013"]
[Site "Groningen NED"]
[Date "2013.12.26"]
[Round "5.36"]
[White "Lyell, Mark"]
[Black "Lee, Kai Jie Edward"]
[Result "1-0"]
[WhiteTitle "FM"]
[WhiteElo "2247"]
[BlackElo "2145"]
[WhiteFideId "402354"]
[BlackFideId "5802920"]
[EventDate "2013.12.21"]

1. e4 c5 2. Nf3 e6 3. c3 d5 4. e5 d4 5. g3 Nc6 6. Bg2 g5 7. h3 Bg7 8. Na3 Nxe5
9. Nxe5 Bxe5 10. Qe2 Bd6 11. Nc4 Bc7 12. cxd4 cxd4 13. d3 h6 14. h4 gxh4 15.
Rxh4 Rb8 16. b3 Ne7 17. Bg5 b5 18. Ne5 Qd6 19. Bf6 Rf8 20. Bxe7 Qxe7 21. Bc6+
Kd8 22. Rxd4+ Bd6 23. Bxb5 Bb7 24. Rc1 Rc8 25. Rxc8+ Kxc8 26. Qc2+ Bc7 27. Nc6
Qf6 28. Qc5 Bxc6 29. Qxf8+ Kb7 30. Bxc6+ Kxc6 31. Qa8+ Kb6 32. Rb4+ Ka5 33. Ra4+
Kb5 34. Qb7+ Bb6 35. Qd7+ 1-0

[Event "51st Groningen Open A 2013"]
[Site "Groningen NED"]
[Date "2013.12.26"]
[Round "5.37"]
[White "Majhi, Ankit"]
[Black "Heemskerk, Wim"]
[Result "0-1"]
[BlackTitle "FM"]
[WhiteElo "2058"]
[BlackElo "2240"]
[WhiteFideId "1033735"]
[BlackFideId "1001000"]
[EventDate "2013.12.21"]

1. e4 e6 2. d4 d5 3. Nc3 Nf6 4. Bg5 Be7 5. e5 Nfd7 6. Bxe7 Qxe7 7. Qd2 a6 8. Nd1
c5 9. c3 Nc6 10. f4 Nb6 11. Ne3 Bd7 12. Nf3 Rc8 13. Be2 O-O 14. O-O f6 15. Rac1
fxe5 16. fxe5 cxd4 17. cxd4 Be8 18. Bd3 Bh5 19. g4 Bg6 20. Bxg6 hxg6 21. Qd3 Kh7
22. Ng2 Nb4 23. Qb3 Rxc1 24. Rxc1 Nc4 25. a3 Nc6 26. Rf1 Nxd4 27. Qd3 Nxf3+ 28.
Rxf3 Rxf3 29. Qxf3 Qc5+ 30. Kh1 Nxe5 31. Qg3 Qc1+ 32. Ne1 Nxg4 33. Qh3+ Kg8 0-1

[Event "51st Groningen Open A 2013"]
[Site "Groningen NED"]
[Date "2013.12.26"]
[Round "5.38"]
[White "Klapwijk, Bram"]
[Black "Calzetta Ruiz, Monica"]
[Result "1-0"]
[BlackTitle "WGM"]
[WhiteElo "2039"]
[BlackElo "2234"]
[WhiteFideId "1009133"]
[BlackFideId "2204185"]
[EventDate "2013.12.21"]

1. e4 c5 2. Nf3 Nc6 3. d4 cxd4 4. Nxd4 g6 5. Nc3 Bg7 6. Be3 Nf6 7. Bc4 O-O 8.
Bb3 d6 9. f3 Bd7 10. h4 h5 11. Qd2 Re8 12. O-O-O Na5 13. Bh6 Bh8 14. g4 Nxb3+
15. axb3 a5 16. Nde2 a4 17. bxa4 Bxa4 18. e5 Bc6 19. exf6 Ra1+ 20. Nb1 Bxf6 21.
Nd4 Qa8 22. Qd3 Rc8 23. gxh5 Qa2 24. Kd2 Qxb2 25. Be3 Bb5 26. Nxb5 Rxc2+ 27.
Qxc2 Qxb5 28. Ke1 Qxh5 29. Qc8+ Kh7 30. Qg4 Qe5 31. Kf2 Qb2+ 32. Rd2 Qb5 33. h5
g5 34. h6 Ra4 35. Bd4 Rxd4 36. Rxd4 Qc5 37. Qe4+ Kh8 38. Ke3 e5 39. Qd3 exd4+
40. Kf2 Be5 41. Nd2 f5 42. Ra1 Bf4 43. Qc4 d3+ 44. Kg2 Qxc4 45. Nxc4 b5 46. Nb2
d2 47. Nd1 Kh7 48. Rb1 Kxh6 49. Rxb5 Kg6 50. Kf2 Kf6 51. Ke2 g4 52. fxg4 fxg4
53. Nf2 1-0

[Event "51st Groningen Open A 2013"]
[Site "Groningen NED"]
[Date "2013.12.26"]
[Round "5.39"]
[White "Hulshof, Peter"]
[Black "Markus, John Raymond"]
[Result "0-1"]
[WhiteElo "2215"]
[BlackElo "2118"]
[WhiteFideId "1003291"]
[BlackFideId "1001213"]
[EventDate "2013.12.21"]

1. e4 e5 2. Nf3 Nc6 3. Nc3 Nf6 4. g3 Bc5 5. Bg2 d6 6. d3 a6 7. O-O h6 8. Be3
Bxe3 9. fxe3 O-O 10. Nh4 g6 11. Qd2 Kg7 12. h3 Ne7 13. d4 Nh7 14. Rad1 f6 15.
Kh2 Be6 16. Nd5 c6 17. Nxe7 Qxe7 18. d5 cxd5 19. exd5 Bd7 20. c4 Rac8 21. b4 f5
22. c5 Bb5 23. Rf2 Ng5 24. Rc1 Kh7 25. Qd1 e4 26. a4 Bd7 27. Bf1 dxc5 28. d6 Qe5
29. bxc5 Rxc5 30. Rb1 Bc6 31. Rd2 Rd8 32. Rb4 Rd5 33. Rxd5 Qxd5 34. Qxd5 Bxd5
35. Rd4 Bc6 36. g4 fxg4 37. hxg4 Nf7 38. Bc4 Ne5 39. Be6 g5 40. Bf5+ Kg7 41.
Bxe4 gxh4 42. Bxc6 bxc6 43. Kh3 Kf6 44. Rb4 Rxd6 45. Kxh4 c5 46. Rf4+ Ke6 47.
Kh5 c4 48. Kxh6 c3 49. Rf1 c2 50. Rc1 Nxg4+ 51. Kg5 Nxe3 52. Re1 Kd5 53. Rc1 Ke4 0-1

[Event "51st Groningen Open A 2013"]
[Site "Groningen NED"]
[Date "2013.12.26"]
[Round "5.40"]
[White "Berkovich, Mark A"]
[Black "Khelaia, Giorgi"]
[Result "1-0"]
[WhiteTitle "IM"]
[WhiteElo "2366"]
[BlackElo "2110"]
[WhiteFideId "2801639"]
[BlackFideId "13604600"]
[EventDate "2013.12.21"]

1. d4 g6 2. e4 Bg7 3. c3 d6 4. Nf3 Nf6 5. Bd3 O-O 6. O-O c5 7. h3 cxd4 8. cxd4
Nc6 9. Nc3 a6 10. a3 b5 11. Qc2 Re8 12. e5 Nd7 13. exd6 exd6 14. Nd5 Bb7 15. Bg5
f6 16. Bf4 Nxd4 17. Nxd4 Bxd5 18. Rfd1 Nb6 19. Rac1 f5 20. Bf1 Be4 21. Nc6 1-0

[Event "51st Groningen Open A 2013"]
[Site "Groningen NED"]
[Date "2013.12.26"]
[Round "5.42"]
[White "Go, Benjamin"]
[Black "Senders, Mischa"]
[Result "0-1"]
[WhiteElo "2140"]
[BlackElo "2058"]
[WhiteFideId "1014560"]
[BlackFideId "1038370"]
[EventDate "2013.12.21"]

1. e4 c5 2. Nf3 d6 3. b4 Nf6 4. bxc5 Nxe4 5. cxd6 e6 6. c3 Nd7 7. d4 Bxd6 8. Bd3
Nef6 9. Nbd2 O-O 10. Nc4 Be7 11. O-O b6 12. Bf4 Nd5 13. Bd6 Bb7 14. Qd2 Rc8 15.
Rac1 b5 16. Bxe7 Qxe7 17. Na5 Ba6 18. a4 Qd8 19. axb5 Qxa5 20. bxa6 Rxc3 21.
Rxc3 Qxc3 22. Qxc3 Nxc3 23. Rc1 Nd5 24. Be4 N7f6 25. Bd3 Nd7 26. Bb5 N7b6 27.
Ne5 Rc8 28. Rc5 Kf8 29. Nc6 Rc7 30. Kf1 Nd7 31. Rc2 Nb8 32. Rc5 Nxc6 33. Bxc6
Ke7 34. Bb5 Kd6 35. Bd3 g6 36. Rxc7 Kxc7 37. Ke1 Kb6 38. Kd2 Nb4 39. Bc4 Nxa6
40. d5 Nc7 41. dxe6 Nxe6 42. h4 Kc5 43. Kc3 Nf4 44. Bxf7 Nxg2 45. h5 gxh5 46.
Bxh5 Nf4 47. Bf3 Nh3 48. Be4 h5 49. Kd2 Kd4 50. f3 Nf4 51. Ke1 a5 52. Bc6 h4 53.
Kf2 Kc5 54. Bd7 Kb4 55. Ke3 h3 0-1

[Event "51st Groningen Open A 2013"]
[Site "Groningen NED"]
[Date "2013.12.26"]
[Round "5.43"]
[White "Veltman, Anne"]
[Black "Theulings, Paul-Peter"]
[Result "0-1"]
[BlackTitle "CM"]
[WhiteElo "2052"]
[BlackElo "2130"]
[WhiteFideId "1026917"]
[BlackFideId "1002899"]
[EventDate "2013.12.21"]

1. e4 Nf6 2. e5 Nd5 3. d4 d6 4. c4 Nb6 5. f4 g6 6. Nf3 Bg7 7. Be2 O-O 8. O-O Be6
9. Na3 Na6 10. b3 c5 11. d5 Bg4 12. Ng5 Bxe2 13. Qxe2 Nc7 14. Bb2 dxe5 15. fxe5
e6 16. d6 Qxg5 17. dxc7 a6 18. Qe4 Ra7 19. Rad1 Qe7 20. Bc3 Nc8 21. Rf3 Qxc7 22.
Rfd3 Ne7 23. Rd7 Qc6 24. Qe2 Nf5 25. g4 Nd4 26. Bxd4 cxd4 27. R7xd4 Qc5 28. b4
Qxb4 29. Qe3 Qc5 30. Re4 Qxe3+ 31. Rxe3 b5 32. Rb1 bxc4 33. Nxc4 Rc8 34. Re4
Rac7 35. Rb4 Rc5 36. Kg2 Rd5 37. Kf3 g5 38. Rb7 Rdc5 39. Rb4 h6 40. h4 gxh4 41.
Nd6 R8c7 42. Kf4 h3 43. Rb2 Rc2 44. Re2 Rxb2 45. Rxb2 Rc5 46. Rb8+ Kh7 47. Nxf7
Kg6 0-1

[Event "51st Groningen Open A 2013"]
[Site "Groningen NED"]
[Date "2013.12.26"]
[Round "5.44"]
[White "Zojer, Stefan"]
[Black "Den Hartog, Marijn"]
[Result "1-0"]
[WhiteElo "2089"]
[BlackElo "2025"]
[WhiteFideId "1616455"]
[BlackFideId "1046098"]
[EventDate "2013.12.21"]

1. e4 e6 2. d4 d5 3. Nc3 Nf6 4. Bg5 dxe4 5. Nxe4 Nbd7 6. Nf3 Be7 7. Nxf6+ Nxf6
8. c3 O-O 9. Bd3 h6 10. Bd2 b6 11. Qc2 Bb7 12. O-O-O Qd6 13. Rde1 c5 14. dxc5
bxc5 15. Ne5 Ba6 16. c4 Bb7 17. Rhg1 Nd7 18. f4 Rad8 19. Bh7+ Kh8 20. Bc3 Nxe5
21. Bxe5 Qa6 22. b3 f6 23. Bc3 f5 24. Bg6 Be4 25. Qb2 Bf6 26. Bxf6 Rxf6 27. Bh5
Qd6 28. g3 Qd3 29. Rgf1 a5 30. a4 e5 31. fxe5 Rb6 32. Bd1 Rdb8 33. Bc2 Qd8 34.
Bxe4 Rxb3 35. Qd2 Qb6 36. Qd6 Rc3+ 37. Kd1 Qb2 38. Qd2 fxe4 39. Rf8+ Kh7 40.
Rxb8 Qxb8 41. Qxc3 Qb1+ 42. Kd2 Qb7 43. Qc2 Qd7+ 44. Kc1 Kg8 45. Rxe4 1-0

[Event "51st Groningen Open A 2013"]
[Site "Groningen NED"]
[Date "2013.12.26"]
[Round "5.46"]
[White "Mollema, Thomas"]
[Black "Gutkind, Kedem"]
[Result "0-1"]
[WhiteElo "1977"]
[BlackElo "2066"]
[WhiteFideId "1034987"]
[BlackFideId "1046519"]
[EventDate "2013.12.21"]

1. e4 e6 2. d4 d5 3. Nc3 Nf6 4. Bg5 Be7 5. e5 Nfd7 6. Bxe7 Qxe7 7. Qh5 O-O 8.
Nf3 c5 9. Nb5 Nc6 10. c3 cxd4 11. Nbxd4 Nxd4 12. Nxd4 g6 13. Qe2 f6 14. exf6
Nxf6 15. O-O-O e5 16. Nc2 Bd7 17. Nb4 Bc6 18. f3 Rfe8 19. g3 a5 20. Nxc6 bxc6
21. Bh3 Qc5 22. Kb1 Rab8 23. Qd2 a4 24. Rhe1 Re7 25. Qe3 Qa3 26. Rd2 Reb7 27.
Ree2 d4 28. Qxe5 dxc3 29. Be6+ Kg7 30. Rc2 Rxb2+ 31. Rxb2 Rxb2+ 32. Ka1 Rxe2 33.
Qc7+ Kh6 34. Qf4+ Kg7 35. Qc7+ Nd7 36. Qxd7+ Kh6 37. Qc7 Qb2# 0-1

[Event "51st Groningen Open A 2013"]
[Site "Groningen NED"]
[Date "2013.12.26"]
[Round "5.48"]
[White "Keetman, Maaike"]
[Black "Mager, Denis"]
[Result "0-1"]
[WhiteElo "1899"]
[BlackElo "2060"]
[WhiteFideId "1033697"]
[BlackFideId "24691127"]
[EventDate "2013.12.21"]

1. e4 c5 2. Nc3 d6 3. Nf3 Nf6 4. d4 cxd4 5. Nxd4 a6 6. Be3 e6 7. Qd2 Be7 8. f3
b5 9. O-O-O Bb7 10. Nb3 Nbd7 11. Kb1 Ne5 12. Qf2 Nfd7 13. Qg3 Qc7 14. Qxg7 Bf6
15. Qg3 b4 16. Ne2 Nc4 17. Bd4 Rc8 18. Rc1 e5 19. Bg1 a5 20. c3 a4 21. Na1 Nd2+
22. Kc2 Nxf1 23. Rxf1 Qc4 24. Qe1 Ba6 25. Rf2 Qxa2 26. Qc1 Bxe2 27. Rxe2 Rxc3+ 0-1

[Event "51st Groningen Open A 2013"]
[Site "Groningen NED"]
[Date "2013.12.26"]
[Round "5.49"]
[White "Zojer, Thomas"]
[Black "Hummel, Paul"]
[Result "1/2-1/2"]
[WhiteElo "2117"]
[BlackElo "2011"]
[WhiteFideId "1616986"]
[BlackFideId "1021168"]
[EventDate "2013.12.21"]

1. d4 e6 2. c4 Nf6 3. Nc3 Bb4 4. e3 O-O 5. Bd3 Re8 6. Qc2 b6 7. a3 Bf8 8. Nf3 c5
9. Ne4 g6 10. Nxf6+ Qxf6 11. Be4 Nc6 12. Ne5 Bb7 13. Nxd7 Qh4 14. g3 Qd8 15.
Nxf8 cxd4 16. Nxe6 Rxe6 17. Bd5 dxe3 18. Bxe3 Nd4 19. Qd3 Bxd5 20. cxd5 Qxd5 21.
O-O-O Qc6+ 22. Kb1 Nf5 1/2-1/2

[Event "51st Groningen Open A 2013"]
[Site "Groningen NED"]
[Date "2013.12.26"]
[Round "5.50"]
[White "Hummel, Joop"]
[Black "Gerlagh, Joris"]
[Result "1/2-1/2"]
[WhiteElo "2006"]
[BlackElo "2032"]
[WhiteFideId "1012126"]
[BlackFideId "1038834"]
[EventDate "2013.12.21"]

1. Nf3 Nf6 2. d4 g6 3. g3 Bg7 4. Bg2 d5 5. c4 dxc4 6. Qa4+ Nfd7 7. Qxc4 Nb6 8.
Qc2 Nc6 9. O-O Bf5 10. Qd1 O-O 11. Nc3 Qc8 12. d5 Rd8 13. Qb3 Ne5 14. Bf4 Nxf3+
15. Bxf3 e5 16. Bg5 Re8 17. Rac1 Qd7 18. Nb5 Rec8 19. e4 Bh3 20. Rfd1 a6 21.
Nxc7 Rxc7 22. Qxb6 Rac8 23. Rxc7 Rxc7 24. Bg2 Bxg2 25. Kxg2 Bf8 26. Qf6 h6 27.
Be3 Bg7 28. Qb6 Rc4 29. f3 Bf8 30. Qb3 Qc8 31. Rd2 b5 32. d6 Qd7 33. Qd3 Rc6 34.
Qe2 Rxd6 35. Rxd6 Qxd6 36. Qd2 h5 37. Qxd6 Bxd6 38. h3 f6 39. g4 hxg4 40. fxg4
Kg7 41. h4 Kh7 42. Kf2 Bb4 43. a3 Ba5 44. Bc5 Bd2 45. Be3 Ba5 46. Ke2 Kg7 47.
Kd3 Be1 48. h5 Bh4 49. hxg6 Kxg6 50. Ke2 Bg5 51. Bc5 Bc1 52. b3 Kg5 53. Kf3 Bd2
54. a4 bxa4 55. bxa4 Bc1 56. Be7 1/2-1/2

[Event "51st Groningen Open A 2013"]
[Site "Groningen NED"]
[Date "2013.12.26"]
[Round "5.51"]
[White "Sandvik, Thomas"]
[Black "Henseler, Jorgen"]
[Result "0-1"]
[WhiteElo "2083"]
[BlackElo "2073"]
[WhiteFideId "503231"]
[BlackFideId "1023233"]
[EventDate "2013.12.21"]

1. e4 c5 2. Nf3 d6 3. d4 cxd4 4. Nxd4 Nf6 5. Nc3 a6 6. Bg5 e6 7. f4 h6 8. Bh4
Qb6 9. Qd2 Qxb2 10. Rb1 Qa3 11. Bxf6 gxf6 12. Be2 Nc6 13. Nxc6 bxc6 14. O-O Be7
15. Kh1 Qa5 16. Qe3 Qc7 17. Qg3 Kf8 18. Bh5 Rb8 19. Rbd1 Qa5 20. e5 d5 21. f5
Rg8 22. Qe3 Rg5 23. exf6 Bc5 24. Qe5 Rb4 25. g4 Qd8 26. Ne4 Rxe4 27. Qxe4 Qxf6
28. Qf4 e5 29. Qf3 e4 30. Qe2 Qe5 31. h4 Rxh5 32. gxh5 Bxf5 33. Qh2 Qxh2+ 34.
Kxh2 Bg4 35. Rb1 e3 36. Kg2 e2 37. Rfe1 f5 38. Kg3 Be3 39. Rb8+ Ke7 40. Rbb1
Bxh5 41. Rb3 f4+ 42. Kh3 d4 0-1

[Event "51st Groningen Open A 2013"]
[Site "Groningen NED"]
[Date "2013.12.27"]
[Round "6.1"]
[White "Michalik, Peter"]
[Black "Romanov, Evgeny"]
[Result "1/2-1/2"]
[WhiteTitle "GM"]
[BlackTitle "GM"]
[WhiteElo "2577"]
[BlackElo "2654"]
[WhiteFideId "14907526"]
[BlackFideId "4148843"]
[EventDate "2013.12.21"]

1. d4 Nf6 2. c4 c5 3. d5 g6 4. Nc3 Bg7 5. e4 d6 6. Bd3 O-O 7. h3 Na6 8. Nf3 Nh5
9. O-O Nc7 10. Re1 e5 11. dxe6 fxe6 12. Bg5 Qd7 13. e5 d5 14. Bc2 b5 15. cxb5
Nxb5 16. Nxb5 Qxb5 17. Ba4 Qb6 18. Rc1 Bb7 19. Be7 c4 20. Bxf8 Bxf8 21. b4 Nf4
22. Rb1 d4 23. Rc1 Nd3 24. Rxc4 Nb2 25. Qxd4 Qxd4 26. Rxd4 Nxa4 27. Rc1 Nb6 28.
Ng5 Bd5 29. Rc7 Bg7 30. f4 Bxa2 31. Re7 Bf8 32. Rb7 Bd5 33. Rc7 Bg7 34. Ne4 Bxe4
35. Rxe4 Nd5 36. Rb7 Bf8 37. Kh2 Bxb4 38. Rexb4 Nxb4 39. Rxb4 a5 40. Ra4 Kf7 41.
Kg3 Ke7 42. Kg4 h6 43. h4 h5+ 44. Kg5 Kf7 45. Kh6 1/2-1/2